Security in Africa : (Record no. 285)
[ view plain ]
| 000 -LEADER | |
|---|---|
| fixed length control field | 00809cam a2200253 i 4500 |
| 003 - CONTROL NUMBER IDENTIFIER | |
| control field | OSt |
| 005 - DATE AND TIME OF LATEST TRANSACTION | |
| control field | 20230627103733.0 |
| 006 - FIXED-LENGTH DATA ELEMENTS--ADDITIONAL MATERIAL CHARACTERISTICS | |
| fixed length control field | |
| 008 - FIXED-LENGTH DATA ELEMENTS--GENERAL INFORMATION | |
| fixed length control field | 160620s2016 mdu ob 000 0 eng |
| 020 ## - INTERNATIONAL STANDARD BOOK NUMBER | |
| Canceled/invalid ISBN | 9781442239555 |
| 040 ## - CATALOGING SOURCE | |
| Transcribing agency | NIRUC |
| 050 00 - LIBRARY OF CONGRESS CALL NUMBER | |
| Classification number | JZ6009 |
| Item number | .A357M48 |
| 100 1# - MAIN ENTRY--PERSONAL NAME | |
| Personal name | Metelits, Claire |
| 245 10 - TITLE STATEMENT | |
| Title | Security in Africa : |
| Remainder of title | a critical approach to western indicators of threat / |
| Statement of responsibility, etc. | Claire Metelits |
| 260 ## - PUBLICATION, DISTRIBUTION, ETC. | |
| Place of publication, distribution, etc. | Lanham |
| Name of publisher, distributor, etc. | Rowman and littlefield |
| Date of publication, distribution, etc. | 2016 |
| 300 ## - PHYSICAL DESCRIPTION | |
| Extent | xi, 141 p. |
| 504 ## - BIBLIOGRAPHY, ETC. NOTE | |
| Bibliography, etc. note | Includes bibliographical references |
| 650 #0 - SUBJECT ADDED ENTRY--TOPICAL TERM | |
| Topical term or geographic name entry element | Security, International |
| Geographic subdivision | Africa, Sub-Saharan |
| 650 #0 - SUBJECT ADDED ENTRY--TOPICAL TERM | |
| Topical term or geographic name entry element | Failed states |
| Geographic subdivision | Africa, Sub-Saharan |
| 650 #0 - SUBJECT ADDED ENTRY--TOPICAL TERM | |
| Topical term or geographic name entry element | Muslims |
| Geographic subdivision | Africa, Sub-Saharan |
| 650 #0 - SUBJECT ADDED ENTRY--TOPICAL TERM | |
| Topical term or geographic name entry element | Poverty |
| Geographic subdivision | Africa, Sub-Saharan |
| 650 #0 - SUBJECT ADDED ENTRY--TOPICAL TERM | |
| Topical term or geographic name entry element | Political stability |
| Geographic subdivision | Africa, Sub-Saharan |
| 942 ## - ADDED ENTRY ELEMENTS (KOHA) | |
| Source of classification or shelving scheme | Library of Congress Classification |
| Koha item type | Books |
| Suppress in OPAC | No |
| Withdrawn status | Lost status | Source of classification or shelving scheme | Damaged status | Not for loan | Home library | Current library | Shelving location | Date acquired | Total checkouts | Full call number | Barcode | Date last seen | Price effective from | Koha item type |
|---|---|---|---|---|---|---|---|---|---|---|---|---|---|---|
| Library of Congress Classification | NIRU LIBRARY | NIRU LIBRARY | On display | 06/27/2023 | JZ6009 .A357M48 | 2023-0654 | 06/27/2023 | 06/27/2023 | Books | |||||
| Library of Congress Classification | NIRU LIBRARY | NIRU LIBRARY | On display | 06/27/2023 | JZ6009 .A357M48 | 2023-0656 | 06/27/2023 | 06/27/2023 | Books |
